000
00276nam a2200121Ia 4500
008
190216s9999||||xx |||||||||||||| ||und||
100
_a
Abhith Surati
245
0
_a
Hindi-Lambaghi
260
_b
Chethan Sahithya Mandir
_c
2007
300
_a
110
650
_a
Hindi
942
_c
BK
999
_c
16508
_d
16508